| 000 | 00554nam a22001937a 4500 | ||
|---|---|---|---|
| 003 | OSt | ||
| 005 | 20211210133607.0 | ||
| 008 | 150715b xxu||||| |||| 00| 0 eng d | ||
| 020 | _a0925652040 | ||
| 040 | _cLC | ||
| 050 | _aP90.S25 | ||
| 100 | _qSashkin, Marshall | ||
| 245 |
_aStructured activities for management training in communication. / _bMarshall Sashkin |
||
| 260 |
_aPennsylvania, MA: _bOrganization Design & Development, _c1989. |
||
| 300 |
_axii, 143 p.: _bill. ; |
||
| 500 | _aIncludes index. | ||
| 505 | _aContents: | ||
| 942 |
_2lcc _cBK |
||
| 999 |
_c8254 _d15754 |
||